| 000 | 00619nam a22001937a 4500 | ||
|---|---|---|---|
| 005 | 20140908111643.0 | ||
| 010 | _aENG-110758 | ||
| 020 |
_a9788183876445 _c595.00 |
||
| 035 | _aEN-94290 | ||
| 037 | _bDBAD/PUB | ||
| 082 | _a332.74309543 | ||
| 100 | _aChaudhary, S.N. | ||
| 245 |
_aTribal indebtedness / _cby S.N. Chaudhary |
||
| 260 |
_aNew Delhi _bSerials Publications _c2014 |
||
| 270 |
_a4830/24, Prahlad Street, Ansari Road, Darya Ganj _bNew Delhi _e110002 |
||
| 300 |
_aviii,194p. _c22cm(Hb) |
||
| 500 | _aIncludes bibliographical references and index | ||
| 942 |
_2ddc _cEN _h332.74309543 _mCHA |
||
| 999 |
_c88343 _d88343 |
||